000 00766cpmaa2200241 4500
001 mm 78004259
003 DLC
005 20260227111620.0
008 781215|||||||||||| eng
010 _amm 78004259
040 _aDLC
_edacs
_cDLC
_dDLC
072 7 _aC
_2lcmd
100 1 _aAnderson, John,
_dactive 1802-1803.
245 0 0 _aCertificate of John Anderson,
_f1803.
300 _a1
_fitem.
506 0 _aOpen to research.
545 0 _aMariner.
546 _aCollection material in English.
580 _aForms part of: Miscellaneous Manuscripts collection.
656 7 _aMariners.
_2itoamc
999 _c39625
_d39625